Najlepsi Zawodnicy Reprezentacji Polski w piłce nożnej - Statystyki

Ogólne statystyki
  • Ten quiz został rozwiązany 36 razy
  • Średni wynik to 5 z 10
Statystyki odpowiedzi
Hint Odpowiedź % Poprawnych
1. Robert Lewandowski
100%
3. Piotr Zieliński
69%
7. Jakub Kiwior
57%
2. Nicola Zalewski
57%
6. Jan Bednarek
54%
10. Jakub Kamiński
37%
4. Matty Cash
37%
5. Oskar Pietuszewski
31%
8. Przemysław Wiśniewski
11%
9. Filip Rózga
6%
Nie znaleziono quizów pasujących do podanych kryteriów
Rozkład punktacji
Procent ludzi z każdym wynikiem
Percentyl według liczby udzielonych odpowiedzi
Twoja historia wyników
Nie rozwiązałeś tego quizu